000 00369nam a2200121Ia 4500
008 190216s9999||||xx |||||||||||||| ||und||
100 _aSymour Lipschutz And Arthur Poe
245 0 _aSchaum`S Series Theory And Problems Of Programming With Fortran
260 _bTata Mcgraw Hill Publishing Company Ltd
_c1982
300 _a314p
650 _aComputer Science
942 _cBK
999 _c8393
_d8393